Epocas y hombres de la educación argentina /

Guardado en:
Autor Principal: Mantovani, Juan
Formato: Libro
Publicado: Buenos Aires : El ateneo, 1950
Materias:
Etiquetas: Agregar Etiqueta
Sin Etiquetas, Sea el primero en etiquetar este registro!
LEADER 00553nam a22001935a 4500
001 CEM.cems006928
005 20060214000000.0
008 130507s1950##################000#0#####d
003 CEMS
082 0 4 |a 370.92 
100 1 |a Mantovani, Juan 
245 1 0 |a Epocas y hombres de la educación argentina / 
260 |a Buenos Aires :  |b El ateneo,  |c 1950 
300 |a 298 p. 
653 |a Biografias 
653 |a Educacion 
653 |a Educacion-biografias 
653 |a Historia de la educacion argen 
859 |a CEMS  |b BIB. CEMS - 11 de abril  |h 370.92  |i M319  |p 6328.78  |t Ej.1